00572 a2200169 4500020001500000020001800015082001100033090001500044100001700059245011700076260003600193300002100229700001700250942002500267999001700292952009300309 a061891868X a9780618918683 a530.14 c1273d12731 aSmolin, Lee.14aThe trouble with physics :bthe rise of string theory, the fall of a science, and what comes next /cLee Smolin. a[S.l.] :bMariner Books,c2006. a416 p. ;c22 cm. aSmolin, Lee. aSNScBKk530.14 SMO c29886d29886 00104070aSNSbSNSd2016-05-26l0o530.14 SMOpSNS0001306r2016-05-26w2016-05-26yBK